|
|
|
|
| LEADER |
00697nab a2200193 i 4500 |
| 001 |
acta1502 |
| 005 |
20210310140317.0 |
| 008 |
161015s1988 hu o 0|| rus d |
| 022 |
|
|
|a 0237-9562
|
| 040 |
|
|
|a SZTE Egyetemi Kiadványok Repozitórium
|b hun
|
| 041 |
|
|
|a rus
|
| 100 |
1 |
|
|a Lepahin Valerij
|
| 245 |
1 |
0 |
|a Ikonnoe, ikonopisnoe i iikoničeskoe v tvorčestve Nikolaâ Klûeva
|h [elektronikus dokumentum] /
|c Lepahin Valerij
|
| 260 |
|
|
|c 1988
|
| 300 |
|
|
|a 185-211
|
| 490 |
0 |
|
|a Dissertationes slavicae. sectio historiae litterarum
|v 19
|
| 695 |
|
|
|a Irodalomtudomány
|
| 700 |
0 |
1 |
|a Klûeva Nikolaâ
|e aut
|
| 856 |
4 |
0 |
|u http://acta.bibl.u-szeged.hu/1502/1/dissert_slav_hist_019_185-211.pdf
|z Dokumentum-elérés
|